The frontal lobes / (Record no. 809)

000 -LEADER
fixed length control field 00699nam a22002417a 4500
001 - CONTROL NUMBER
control field 6241663
003 - CONTROL NUMBER IDENTIFIER
control field LIBRIS
005 - DATE AND TIME OF LATEST TRANSACTION
control field 20210422062227.0
008 - FIXED-LENGTH DATA ELEMENTS--GENERAL INFORMATION
fixed length control field 011211s1986 xxu 000 0 eng c
020 ## - INTERNATIONAL STANDARD BOOK NUMBER
International Standard Book Number 0881671533 ;
Terms of availability 0-88167-155-x
040 ## - CATALOGING SOURCE
Original cataloging agency eng
Language of cataloging eng
Transcribing agency DLC
041 ## - LANGUAGE CODE
Language code of text/sound track or separate title eng
080 ## - UNIVERSAL DECIMAL CLASSIFICATION NUMBER
Universal Decimal Classification number 616.8
Item number S-90
100 1# - MAIN ENTRY--PERSONAL NAME
Personal name Stuss, Donald T.
245 04 - TITLE STATEMENT
Title The frontal lobes /
Statement of responsibility, etc. Donald T. Stuss, D. Frank Benson
Remainder of title / by: Raven Press
260 ## - PUBLICATION, DISTRIBUTION, ETC.
Place of publication, distribution, etc. New York
Name of publisher, distributor, etc. Raven Press
Date of publication, distribution, etc. cop. 1986
300 ## - PHYSICAL DESCRIPTION
Extent 303 p.
Other physical details ill.
650 #0 - SUBJECT ADDED ENTRY--TOPICAL TERM
9 (RLIN) 100
Topical term or geographic name entry element Neurology
653 ## - INDEX TERM--UNCONTROLLED
Uncontrolled term ნევროლოგია
700 1# - ADDED ENTRY--PERSONAL NAME
Personal name Benson, David Frank
Authority record control number or standard number 39965
900 1s - EQUIVALENCE OR CROSS-REFERENCE-PERSONAL NAME [LOCAL, CANADA]
Linkage 700
Affiliation Benson, David Frank
942 ## - ADDED ENTRY ELEMENTS (KOHA)
Source of classification or shelving scheme
Koha item type Books
Holdings
Withdrawn status Lost status Source of classification or shelving scheme Damaged status Not for loan Permanent location Current location Date acquired Inventory number Total Checkouts Full call number Barcode Date last seen Price effective from Koha item type
          Ken Walker International University Ken Walker International University 12/22/2020 2185   616.8 S-90 2185 12/22/2020 12/22/2020 Books

Powered by Koha